La miseria de la sociología / (Record no. 35267)

MARC details
000 -LEADER
campo de control de longitud fija 00756nam a2200229 i 4500
001 - NÚMERO DE CONTROL
campo de control 35267
003 - IDENTIFICADOR DE NÚMERO DE CONTROL
campo de control ES-MaACL
007 - CAMPO FIJO DE DESCRIPCIÓN FÍSICA--INFORMACIÓN GENERAL
campo de control de longitud fija t|
008 - DATOS DE LONGITUD FIJA--INFORMACIÓN GENERAL
campo de control de longitud fija 030212s1982 sp ||||1| spa d
020 ## - NÚMERO INTERNACIONAL ESTÁNDAR DEL LIBRO
Número Internacional Estándar del Libro 84-309-0928-1
100 1# - ENTRADA PRINCIPAL--NOMBRE DE PERSONA
Nombre de persona Bottomore, Thomas B.
9 (RLIN) 30808
245 13 - MENCIÓN DEL TÍTULO
Título La miseria de la sociología /
Mención de responsabilidad, etc. Tom Bottomore ; [traducción de Ester Rabasco y Luis Toharia].
260 ## - PUBLICACIÓN, DISTRIBUCIÓN, ETC.
Lugar de publicación, distribución, etc. Madrid :
Nombre del editor, distribuidor, etc. Tecnos,
Fecha de publicación, distribución, etc. [1982]
300 ## - DESCRIPCIÓN FÍSICA
Extensión 136 p. ;
Dimensiones 23 cm.
490 1# - MENCIÓN DE SERIE
Mención de serie Colección de ciencias sociales. Serie sociología
504 ## - NOTA DE BIBLIOGRAFÍA, ETC.
Nota de bibliografía, etc. Bibliografía.
700 1# - ENTRADA AGREGADA--NOMBRE PERSONAL
Nombre de persona Rabasco, Esther.
9 (RLIN) 94844
700 1# - ENTRADA AGREGADA--NOMBRE PERSONAL
Nombre de persona Toharia, Luis.
9 (RLIN) 110425
830 00 - PUNTO DE ACCESO ADICIONAL DE SERIE-TÍTULO UNIFORME
Título uniforme Colección de ciencias sociales (Tecnos)
9 (RLIN) 182672
852 ## - LOCALIZACIÓN
Ubicación ES-MaACL
Número de control de estantería L-8336
Sublocalización o colección R.109178
Holdings
Estatus retirado Estado de pérdida Estado de daño No para préstamo Biblioteca de origen Biblioteca actual Ubicación en estantería Fecha de adquisición Fuente de adquisición Total de préstamos Signatura topográfica completa Código de barras Visto por última vez Precio de reemplazo Tipo de ítem Koha
        Biblioteca del Ateneo de Madrid Biblioteca del Ateneo de Madrid Depósito 2 17/01/2008     L-8336 1036894 23/02/2023 23/02/2023 Libro impreso